header

The reconstruction of Georgia (Record no. 39619)

MARC details
000 -LEADER
fixed length control field 01206nam a2200325 a 4500
082 04 - DEWEY DECIMAL CLASSIFICATION NUMBER
Classification number 975.804
100 1# - MAIN ENTRY--AUTHOR NAME
Personal name Conway, Alan.
245 14 - TITLE STATEMENT
Title The reconstruction of Georgia
260 ## - PUBLICATION, DISTRIBUTION, ETC. (IMPRINT)
Place of publication Minneapolis :
Name of publisher University of Minnesota Press,
Year of publication [1966]
300 ## - PHYSICAL DESCRIPTION
Number of Pages vi, 248 p.
650 #0 - SUBJECT ADDED ENTRY--TOPICAL TERM
Topical Term Reconstruction (U.S. history, 1865-1877)
856 40 - ELECTRONIC LOCATION AND ACCESS
Uniform Resource Identifier http://site.ebrary.com/lib/rucke/Doc?id=10231230

No items available.

© 2026 Rongo University
Contact us: librarian | system librarian | Rongo university